000 00611nam a22001937a 4500
005 20251108170714.0
008 250721s9999 xx 000 0 ara d
082 1 4 _aط/211.81/فار
100 1 _aفاروق، أحمد ياسر
245 1 0 _aأيوب و يونس عليهما السلام /
264 _bالمركز العربي الحديث،
_c[19-].
300 _a16ص
490 0 _aقصص الأنبياء : نحن نقص عليك أحسن القصص :10
650 1 7 _aآل البيت
650 1 7 _aالسيرة النبوية
650 1 7 _aالصحابة
942 _2ddc
_cBK
999 _c47049
_d47049